000 00598nam a2200205Ia 4500
005 20250508160229.0
008 008 250505s9999 xx 000 0 eng d
037 _aTextual
040 _aFEDL
_beng
_cFEDL
041 _aeng
_2eng
084 _aB, SHA
_qFEDL
100 _aMahadevan T M P
245 0 _aFounders of our living faiths: Shankaracharya
245 0 _cNCERT (New Delhi India)
260 _aNew Delhi, India
_bNational Council of Educational Research and Training
_c1970
300 _a21p
365 _aINR
_b0.6
942 _cTEXL
_hB, SHA
999 _c1362855
_d1362855